Detalles MARC
| 000 -CABECERA |
| campo de control de longitud fija |
01384cam a2200349 a 4500 |
| 001 - NÚMERO DE CONTROL |
| campo de control |
000015267 |
| 003 - IDENTIFICADOR DEL NÚMERO DE CONTROL |
| campo de control |
UkOxU |
| 005 - FECHA Y HORA DE LA ÚLTIMA TRANSACCIÓN |
| campo de control |
20200929164010.0 |
| 008 - DATOS DE LONGITUD FIJA--INFORMACIÓN GENERAL |
| campo de control de longitud fija |
500101s1982 sp h b 000 0 spa d |
| 020 ## - NÚMERO INTERNACIONAL ESTÁNDAR DEL LIBRO |
| Número Internacional Estándar del Libro |
8427605854 |
| 035 ## - NÚMERO DE CONTROL DEL SISTEMA |
| Número de control de sistema |
OCLC ocm13131763 from D950210M |
| 040 ## - FUENTE DE LA CATALOGACIÓN |
| Centro catalogador/agencia de origen |
DO-SdBNP |
| Centro/agencia transcriptor |
DLM |
| Centro/agencia modificador |
VA@ |
| -- |
EQO |
| 090 ## - LOCALMENTE ASIGNADO TIPO-LC NÚMERO DE CLASIFICACIÓN (OCLC); NÚMERO DE CLASIFICACIÓN LOCAL (RLIN) |
| Número de clasificación (OCLC) (R) ; Numero de clasificación, CALL (RLIN) (NR) |
BT985 |
| Número cutter local (OCLC) ; Número de libro/Signatura topográfica íntegra, CALL (RLIN) |
.A37 1982 |
| 082 ## - NÚMERO DE LA CLASIFICACIÓN DECIMAL DEWEY |
| Número de clasificación |
D0502202178 |
| 082 ## - NÚMERO DE LA CLASIFICACIÓN DECIMAL DEWEY |
| Número de clasificación |
nnn |
| Número de documento/Ítem |
A325d |
| 049 ## - FONDOS LOCALES (OCLC) |
| Fondos de biblioteca |
BNGR |
| 100 1# - ENTRADA PRINCIPAL--NOMBRE DE PERSONA |
| Nombre de persona |
Alba, Ramón. |
| 9 (RLIN) |
34539 |
| 245 10 - MENCIÓN DE TÍTULO |
| Título |
Del anticristo / |
| Mención de responsabilidad, etc. |
Ramón Alba. |
| 260 ## - PUBLICACIÓN, DISTRIBUCIÓN, ETC. |
| Lugar de publicación, distribución, etc. |
Madrid : |
| Nombre del editor, distribuidor, etc. |
Nacional, |
| Fecha de publicación, distribución, etc. |
1982. |
| 300 ## - DESCRIPCIÓN FÍSICA |
| Extensión |
338 p. : |
| Otras características físicas |
facsims. ; |
| Dimensiones |
21 cm. |
| 490 1# - MENCIÓN DE SERIE |
| Mención de serie |
Biblioteca de visionarios, heterodoxos y marginados |
| 490 1# - MENCIÓN DE SERIE |
| Mención de serie |
Segunda |
| 500 ## - NOTA GENERAL |
| Nota general |
Incluye la reimpresión de: Libro del anticristo, primera parte. Originalmente publicado: Burgos: Fadrique (Biel) de Basilea, 1497. |
| 500 ## - NOTA GENERAL |
| Nota general |
Incluye imajen del anticristo, atribuido a Juan Pérez y transcrito a partir de la edición publicada en 1849 en San Sebastián de Usoz y Río, como vol. 3 de la serie de antiguos reformistas españoles. |
| 504 ## - NOTA DE BIBLIOGRAFÍA, ETC. |
| Nota de bibliografía, etc. |
Incluye bibliografía. |
| 650 #0 - PUNTO DE ACCESO ADICIONAL DE MATERIA--TÉRMINO DE MATERIA |
| Término de materia o nombre geográfico como elemento de entrada |
Antichrist |
| 9 (RLIN) |
34540 |
| 730 02 - PUNTO DE ACCESO ADICIONAL--TÍTULO UNIFORME |
| Título uniforme |
Libro del anticristo. |
| Fecha de publicación/de la obra |
1982 |
| 9 (RLIN) |
34541 |
| 830 #0 - PUNTO DE ACCESO ADICIONAL DE SERIE-TÍTULO UNIFORME |
| Título uniforme |
Biblioteca de visionarios, heterodoxos y marginados ; |
| 9 (RLIN) |
8623 |
| 830 #0 - PUNTO DE ACCESO ADICIONAL DE SERIE-TÍTULO UNIFORME |
| Título uniforme |
Segunda |
| Designación de volumen o secuencia |
22 |
| 9 (RLIN) |
34542 |
| 910 ## - DATOS DE OPCIÓN DEL USUARIO (OCLC) |
| Datos de opción del usuario |
Catalogación por copia / LC |